SourceOECD. Insurance.
This database gathers major official insurance statistics for all OECD countries as well as Singapore which has an observer status to the OECD Insurance Committee.
| Corporate Author: | |
|---|---|
| Format: | Database |
| Language: | English German Spanish French |
| Language Notes: | In English, German, Spanish, and French. |
| Published: |
[Paris] ; [Washington, D.C.] :
OECD.
|
| Edition: | Database ed. |
| Subjects: |
MARC
| Tag | First Indicator | Second Indicator | Subfields |
|---|---|---|---|
| LEADER | 00000cai a2200000Ia 4500 | ||
| 001 | in00002575607 | ||
| 005 | 20151201152425.0 | ||
| 006 | m d i | ||
| 007 | cr ||||||||||| | ||
| 008 | 040727c199u9999fr uu dss s i0 2eng d | ||
| 019 | |a 50820914 | ||
| 022 | |a 1681-2026 |l 1681-2026 | ||
| 029 | 1 | |a NLGGC |b 241544475 | |
| 029 | 1 | |a NZ1 |b 7311055 | |
| 035 | |a (OCoLC)ocm56029786 | ||
| 035 | |a (OCoLC)56029786 |z (OCoLC)50820914 | ||
| 040 | |a WAU |c WAU |d CUS |d OCLCQ |d OUN |d MYG |d TXA |d UtOrBLW | ||
| 041 | 0 | |a eng |a ger |a spa |a fre | |
| 043 | |a a-si--- | ||
| 049 | |a TXAM | ||
| 090 | |a HG8045 |b .S68 Electronic | ||
| 245 | 0 | 0 | |a SourceOECD. |p Insurance. |
| 246 | 1 | |i Also known as: |a SourceOECD. |p Insurance statistics | |
| 246 | 3 | |a Insurance statistics | |
| 246 | 3 | 0 | |a Insurance |
| 250 | |a Database ed. | ||
| 256 | |a Electronic data. | ||
| 264 | 1 | |a [Paris] ; |a [Washington, D.C.] : |b OECD. | |
| 336 | |a text |b txt |2 rdacontent | ||
| 337 | |a computer |b c |2 rdamedia | ||
| 338 | |a online resource |b cr |2 rdacarrier | ||
| 362 | 1 | |a Began in 1990s? | |
| 538 | |a Mode of access: World Wide Web. | ||
| 546 | |a In English, German, Spanish, and French. | ||
| 500 | |a Title from Web page (viewed July 27, 2004). | ||
| 520 | |a This database gathers major official insurance statistics for all OECD countries as well as Singapore which has an observer status to the OECD Insurance Committee. | ||
| 500 | |a Electronic resource. | ||
| 650 | 0 | |a Insurance |z OECD countries |v Statistics. | |
| 650 | 0 | |a Insurance |z Singapore |v Statistics. | |
| 710 | 2 | |a Organisation for Economic Co-operation and Development. | |
| 948 | |a cataloged |b h |c 2010/7/1 |d c |e spoltoratski |f 8:51:26 am | ||
| 994 | |a C0 |b TXA | ||
| 999 | |a MARS | ||
| 999 | f | f | |s f8158e0f-2ce4-339b-a69c-51bab9c97c52 |i 0bb1b228-08e9-3b54-ae07-6f64ba79396a |t 0 |
| 952 | f | f | |a Texas A&M University |b College Station |c Electronic Resources |d Available Online |t 0 |e HG8045 .S68 |g Electronic |h Library of Congress classification |
| 998 | f | f | |a HG8045 .S68 |t 0 |l Available Online |